From European Dwelling Settlements to Global Cities; Ports of the tamil coast and colonial modernity (Record no. 545547)

MARC details
000 -LEADER
fixed length control field 00614nam a2200193Ia 4500
008 - FIXED-LENGTH DATA ELEMENTS--GENERAL INFORMATION
fixed length control field 240825s9999 xx 000 0 und d
020 ## - INTERNATIONAL STANDARD BOOK NUMBER
ISBN 9789390430970
Paper back/Hardbound hbk
041 ## - LANGUAGE CODE
Language code of text/sound track or separate title eng
082 ## - DEWEY DECIMAL CLASSIFICATION NUMBER
Classification number 307.76094
Item number STE
100 ## - MAIN ENTRY--AUTHOR NAME
Personal name Stephen, S. Jeyaseela
245 #0 - TITLE STATEMENT
Title From European Dwelling Settlements to Global Cities; Ports of the tamil coast and colonial modernity
Statement of responsibility, etc / S. Jeyaseela Stephen
250 ## - EDITION STATEMENT
Edition statement 1st edition
260 ## - PUBLICATION, DISTRIBUTION, ETC. (IMPRINT)
Name of publisher Ratna Sagar
Year of publication 2021
Place of publication Delhi
300 ## - PHYSICAL DESCRIPTION
Number of Pages 419 p.
Dimensions 21 cm.
504 ## - BIBLIOGRAPHY, ETC. NOTE
Bibliography, etc Includes bibliographies and index
650 ## - SUBJECT ADDED ENTRY--TOPICAL TERM
Topical Term History; Early modern age; Greenwich
942 ## - ADDED ENTRY ELEMENTS (KOHA)
Koha item type English Books
Holdings
Withdrawn status Lost status Damaged status Not for loan Home library Current library Shelving location Date acquired Cost, normal purchase price Full call number Accession Number Price effective from Koha item type
        Anna Centenary Library Anna Centenary Library 3RD FLOOR, B WING 25.08.2024 1495.00 307.76094 STE 672554 25.08.2024 English Books
        Anna Centenary Library Anna Centenary Library 3RD FLOOR, B WING 25.08.2024 1495.00 307.76094 STE;1 672555 25.08.2024 English Books

Find us on the map